| 000 | 00000nam##2200000za#4500 |
| 001 | 9.699279 |
| 003 | CaOODSP |
| 005 | 20210625000317 |
| 007 | cr ||||||||||| |
| 008 | 150407|1962||||xxc|||||o f|0| 0 eng|d |
| 040 | |aCaOODSP|beng |
| 043 | |an-cn--- |
| 086 | 1 |aA53-1152/1962E-PDF |
| 110 | 1 |aCanada.|bAgriculture Canada.|bResearch Branch. |
| 245 | 10|aGrowing irrigated crops in southern Alberta / |h[electronic resource]|c[by] S. Dubetz, G.C. Russell and K.W. Hill. |
| 260 | |aOttawa - Ontario : |bAgriculture Canada. |cApril 1962. |
| 300 | |a32p.|bmap, tables, photographs |
| 500 | |aHistorical publication digitized by Agriculture and Agri-Food Canada. "Revision of part of Publication 883, 'Irrigation Farming in Southern Alberta' published in 1953."--p. 32 of 32. |
| 590 | |a14-11-Supp|b2014-05-21 |
| 690 | 07|aCrops|2gcpds |
| 690 | 07|aFarming|2gcpds |
| 690 | 07|aIrrigation|2gcpds |
| 856 | 40|ahttp://publications.gc.ca|qPDF|s3.3 MB|uhttps://publications.gc.ca/collections/collection_2014/aac-aafc/agrhist/A53-1152-1962-eng.pdf |
| 986 | |a1152 |